000 00434nam a2200157Ia 4500
008 230312s9999||||xx |||||||||||||| ||und||
020 _a0-7645-4599
082 _a005.276
_bSMI-A
100 _aEric A. Smith
245 0 _aActive Server pages
260 _bIDG Books
_aNew York
_c2000
300 _a763
546 _aEng.
650 _aComputer
_vASP concepts, Integerations with database, Buliding real-world application
942 _cBK
999 _c3069
_d3069